Определение некоторых элементов в легированных сталях методом амперометрического титрования с двумя индикаторными электродами: автореферат диссертации на соискание ученой степени кандидата химических наук

Bibliographic Details
Main Author: Филенко А. И.
Corporate Author: Казахский государственный университет (КазГУ)
Other Authors: Сонгина О. А. (научный руководитель)
Summary:Защита сост. в феврале 1966 г.
Language:Russian
Published: Алма-Ата, [Б. и.], 1965
Subjects:
Format: MixedMaterials Book
KOHA link:https://koha.lib.tpu.ru/cgi-bin/koha/opac-detail.pl?biblionumber=340564

MARC

LEADER 00000nam0a2200000 4500
001 340564
005 20231102005243.0
035 |a (RuTPU)RU\TPU\book\367469 
090 |a 340564 
100 |a 20180403d1965 k y0rusy50 ca 
101 0 |a rus 
102 |a KZ 
105 |a a dm 001zy 
200 1 |a Определение некоторых элементов в легированных сталях методом амперометрического титрования с двумя индикаторными электродами  |e автореферат диссертации на соискание ученой степени кандидата химических наук  |f А. И. Филенко  |g Казахский государственный университет (КазГУ) ; науч. рук. О. А. Сонгина 
210 |a Алма-Ата  |c [Б. и.]  |d 1965 
215 |a 18 с.  |c ил. 
300 |a Защита сост. в феврале 1966 г. 
320 |a Библиогр.: с. 17 (12 назв.) 
606 1 |a Сталь легированная  |x Металлургия  |2 stltpush  |3 (RuTPU)RU\TPU\subj\56504  |9 74411 
610 1 |a химический анализ 
610 1 |a амперометрия 
610 1 |a электроды 
610 1 |a марганец 
610 1 |a хром 
610 1 |a ванадий 
610 1 |a реакции восстановления 
610 1 |a амперометрическое титрование 
610 1 |a авторефераты диссертаций 
610 1 |a библиотека А. Г. Стромберга 
675 |a 669.18.04(04)  |v 4 
700 1 |a Филенко  |b А. И. 
702 1 |a Сонгина  |b О. А.  |4 727 
712 0 2 |a Казахский государственный университет (КазГУ)  |c (Алма-Ата)  |2 stltpush  |3 (RuTPU)RU\TPU\col\8922 
801 1 |a RU  |b 63413507  |c 20180403 
801 2 |a RU  |b 63413507  |c 20180516  |g RCR 
942 |c BK